Представление документа в формате MARC21

Поле Инд. ПП Название Значение
Тип записи a
Библиографический уровень a
001 Контрольный номер 9f7507e48d22401d84964536efdc279c
005 Дата корректировки 20220513113240.7
080 a Индекс УДК 338
097 b Оператор *Ир*
100 1_ a Автор Розов Д.В.
245 10 a Заглавие Роль инноваций в формировании конкурентоспособности предприятия
b Продолж. заглавия статья
p Название части/ раздела - Текст : электронный
520 0_ a Аннотация Рассматривается конкурентоспособность предприятий на мировом рынке. Рассматривается роль инноваций в повышении конкурентоспособности товаров и предприятий.
653 0_ a Ключевые слова Инновации
653 0_ a Ключевые слова Конкурентоспособность
653 0_ a Ключевые слова Основной капитал
653 0_ a Ключевые слова Предприятия
700 12 a Другие авторы Мухометзянова Л.В.
773 18 t Название источника Экономика и управление предприятиями, отраслями, комплексами в условиях инновационного развития : сб. науч. тр. III Междунар. науч.-практ. конф. : в 2 ч. Ч.1 (Тверь, 11 декабря 2017 г.) / под общ. ред. О.М. Дюжиловой, Г.Г. Скворцовой
d Место и дата издания Тверь : ТвГТУ, 2018
g Прочая информация С. 25-28
w Контрольный № источника 92180f94c3d949dd8fb98d1531188c5f
856 40 u URL https://elibrary.ru/item.asp?id=32495550&pff=1
901 t Тип документа b
905 a Дата создания записи 13.05.22
950 a Редактор записи гм
951 i EL-ТГТУ? Да